[Event "Baden-ch AT1"]
[Site "Oberwinden"]
[Date "2007.04.11"]
[Round "7"]
[White "Deuring, Lukas"]
[Black "Kleinhans, Maria"]
[Result "1-0"]
[WhiteElo "911"]
[BlackElo "1427"]
[PlyCount "44"]
[EventDate "2007.04.06"]
[EventType "swiss"]
[EventRounds "11"]
[EventCountry "GER"]
[SourceTitle "CBM 117 Extra"]
[Source "ChessBase"]
[SourceDate "2007.05.09"]
[SourceVersion "1"]
[SourceVersionDate "2007.05.09"]
[SourceQuality "1"]

1. e4 e5 2. Nf3 Nc6 3. a3 Nf6 4. Nc3 Be7 5. Bc4 0-0 6. d3 d6 7. h3 Be6 8. Bxe6 fxe6 9. Ng5 Qd7 10. Nb5 d5 11. Nxc7 Rac8 12. Ncxe6 Rfe8 13. Be3 d4 14. Bd2 Nd8 15. Nxd8 Rexd8 16. Rc1 h6 17. Nf3 Qe6 18. c3 Rf8 19. cxd4 exd4 20. Rc4 Qf7 21. 0-0 b5 22. Rxd4 Rfd8 1-0

[Event "Baden-ch AT1"]
[Site "Oberwinden"]
[Date "2007.04.09"]
[Round "5"]
[White "Deuring, Lukas"]
[Black "Kerger, Juergen"]
[Result "1-0"]
[WhiteElo "911"]
[BlackElo "1296"]
[PlyCount "85"]
[EventDate "2007.04.06"]
[EventType "swiss"]
[EventRounds "11"]
[EventCountry "GER"]
[SourceTitle "CBM 117 Extra"]
[Source "ChessBase"]
[SourceDate "2007.05.09"]
[SourceVersion "1"]
[SourceVersionDate "2007.05.09"]
[SourceQuality "1"]

1. e4 c5 2. Nc3 Nc6 3. Bc4 e6 4. Nf3 d6 5. d3 Nf6 6. a3 a6 7. h3 b5 8. Bb3 Bb7 9. Bf4 Be7 10. 0-0 0-0 11. Qd2 Qd7 12. Rad1 Nd4 13. Nxd4 cxd4 14. Ne2 e5 15. Bg3 Rac8 16. c3 dxc3 17. Nxc3 Rc7 18. Rc1 Rfc8 19. Bh4 Nxe4 20. dxe4 Bxh4 21. Bd5 Qd8 22. Qd1 Bxd5 23. Qxd5 Rc5 24. Qd3 a5 25. Ne2 b4 26. Rxc5 Rxc5 27. axb4 axb4 28. Rd1 Rc6 29. Ng3 g6 30. Qd5 Qc7 31. Qd2 b3 32. Qh6 Bxg3 33. fxg3 Rc2 34. Ra1 Rc1+ 35. Rxc1 Qb8 36. Rc3 Qb7 37. Kh2 Qd7 38. Rxb3 Qe8 39. Rd3 Qf8 40. Qxf8+ Kxf8 41. Rxd6 Ke7 42. Rd5 Ke6 43. b4 1-0

[Event "Baden-ch AT1"]
[Site "Oberwinden"]
[Date "2007.04.07"]
[Round "2"]
[White "Schneider, Martin"]
[Black "Deuring, Lukas"]
[Result "1-0"]
[WhiteElo "1219"]
[BlackElo "911"]
[PlyCount "55"]
[EventDate "2007.04.06"]
[EventType "swiss"]
[EventRounds "11"]
[EventCountry "GER"]
[SourceTitle "CBM 117 Extra"]
[Source "ChessBase"]
[SourceDate "2007.05.09"]
[SourceVersion "1"]
[SourceVersionDate "2007.05.09"]
[SourceQuality "1"]

1. e4 e5 2. Nc3 Nf6 3. Bc4 Nxe4 4. Qh5 Qe7 5. Nxe4 g6 6. Qd1 Qb4 7. Qe2 d5 8. Nf6+ Kd8 9. Qxe5 Bd6 10. Nxd5 Qxc4 11. Qxh8+ Kd7 12. Ne3 Qc6 13. Nf3 Na6 14. Qxh7 Ke7 15. 0-0 Bc5 16. Re1 Be6 17. Ng5 Nb4 18. Nc4 Kf6 19. Ne4+ Kf5 20. Nxc5 Qxc5 21. Re5+ Qxe5 22. Nxe5 Kxe5 23. Qg7+ Kf5 24. Qc3 Nc6 25. d3 Re8 26. Be3 Bd5 27. Qc5 Re5 28. d4 1-0